|
|
|
|
| LEADER |
00000ny a22000003n 4500 |
| 005 |
20110622113243.0 |
| 006 |
m u |
| 007 |
cr cn||||||||| |
| 008 |
200903r2008 sp |||||s|||||||||||spa d |
| 020 |
|
|
|a 9788498493238
|
| 035 |
|
|
|a 2732
|
| 040 |
|
|
|a FlNmELB
|c FlNmELB
|d vlex
|
| 050 |
1 |
4 |
|a HV8675
|b C355 2008eb
|
| 080 |
|
|
|a 343.24/.28
|
| 082 |
0 |
4 |
|a 364.6
|2 22
|
| 090 |
|
|
|c 1249
|d 1249
|
| 100 |
1 |
|
|a Castro Moreno, Abraham
|
| 245 |
1 |
3 |
|a El porqu ̌y el para qu ̌de las penas
|h [Recurso electrn̤ico]
|b anl̀isis crt̕ico sobre los fines de la pena /
|c Abraham Castro Moreno
|
| 256 |
|
|
|a Servicio en ln̕ea
|
| 260 |
|
|
|a Madrid :
|b Dykinson,
|c 2008
|
| 300 |
|
|
|a 135 p
|
| 506 |
1 |
|
|a Contenido solo disponible en los productos indicados
|d vLex Global
|d vLex Global (Academic Edition, excluding Law Schools)
|d vLex Global (U.S. Academic Edition, Law Schools)
|d vLex Global (U.S. Academic Edition, excluding Law Schools)
|d vLex Global (Academic Edition, Law Schools)
|
| 650 |
0 |
7 |
|a Penal
|2 Tesauro vLex
|
| 650 |
0 |
7 |
|a Pena
|2 Tesauro vLex
|
| 740 |
0 |
|
|a vLex Libros (Servicios en ln̕ea)
|
| 856 |
4 |
0 |
|z Acceso restringido
|u http://vlex.com/source/analisis-critico-fines-pena-2732
|
| 942 |
|
|
|c BOOK
|